Príručka pre asfaltérov izolatérov

Bibliographic Details
Main Author: Cigánek, Viliam (Author)
Format: Book
Language:Undetermined
PhysicalDescription:239 s.
Published: Bratislava SVTL 1964

MARC

LEADER 00000nam a2200000 a 4500
001 vtls001381850
003 SK-MaSNL
005 20260301161407.0
008 240314s1964 xx 0 und
035 |a SNK000335885 
040 |a SNK  |b slo  |c SNK  |e AACR2 
100 1 |a Cigánek, Viliam  |4 aut  |9 524343 
245 1 0 |a Príručka pre asfaltérov izolatérov 
260 |a Bratislava  |b SVTL  |c 1964 
300 |a 239 s. 
958 |a OND 
999 |c 809274  |d 811204 
952 |t P60, <04>, [BOOK], {604}  |a SNK  |b SNK  |y VYP  |7 0  |p 17A0225778  |o snkSD 25416 D1  |0 0  |1 0  |4 0  |d 2000-01-31  |l 0  |r 2005-01-02 00:00:00  |w 2026-02-24 
952 |a SNK  |b SNK  |y PREZ  |7 0  |p 17A0763522  |o snkSD 25416  |0 0  |1 0  |4 0  |d 2011-11-17  |l 0  |r 2026-02-24 02:31:28  |w 2026-02-24